Handbuch der landwirtschaft : in fünf bänden herausgegeben /

Guardado en:
Autor Principal: Roemer, Theodor, 1883-1951.
Otros Autores: Scheibe, A., Schmidt, J., Woermann, E.
Formato: Libro
Idioma:German
Publicado: Berlin : Paul Parey, 1952.
Edición:2 auflage.
Materias:
Etiquetas: Agregar Etiqueta
Sin Etiquetas, Sea el primero en etiquetar este registro!
LEADER 01011cam a22002411a 4500
001 EEA.libagro009869
005 20140613114022.0
008 800522s1952####gw############001#0#ger##
082 0 4 |a 630 
100 1 |a Roemer, Theodor,  |d 1883-1951. 
245 1 0 |a Handbuch der landwirtschaft :  |b in fünf bänden herausgegeben /  |c Prof. Dr. Th. Roemer, Prof. Dr. A. Scheibe, Prof. Dr. J. Schmidt und Prof. Dr. E. Woermann. 
250 |a 2 auflage. 
260 |a Berlin :  |b Paul Parey,  |c 1952. 
300 |a 5 v. :  |b tablas ;  |c 27 cm. 
650 0 |a Agricultura 
700 1 |a Scheibe, A. 
700 1 |a Schmidt, J. 
700 1 |a Woermann, E. 
859 |a AR-BbBCA  |b BIB. AGRONOMIA  |h 630  |i R627a2  |p 1960/0047  |v Vol. 1  |3 Vol. 1 
859 |a AR-BbBCA  |b BIB. AGRONOMIA  |h 630  |i R627a2  |p 1960/0047b  |v Vol. 2  |3 Vol. 2 
859 |a AR-BbBCA  |b BIB. AGRONOMIA  |h 630  |i R627a2  |p 1960/0047c  |v Vol. 3  |3 Vol. 3 
859 |a AR-BbBCA  |b BIB. AGRONOMIA  |h 630  |i R627a2  |p 1960/0047d  |v Vol. 4  |3 Vol. 4 
859 |a AR-BbBCA  |b BIB. AGRONOMIA  |h 630  |i R627a2  |p 1960/0047e  |v Vol. 5  |3 Vol. 5